Welcome to the Holygrace Academy Library

Please use search bar below to get started

SPINNING MONEY (Record no. 3575)

MARC details
000 -LEADER
fixed length control field 00276nam a22001337a 4500
082 ## - DEWEY DECIMAL CLASSIFICATION NUMBER
Classification number 823
Item number RAD/S
100 ## - MAIN ENTRY--AUTHOR NAME
Personal name RADHAKRISHNA
245 ## - TITLE STATEMENT
Title SPINNING MONEY
250 ## - EDITION STATEMENT
Edition statement 1
260 ## - PUBLICATION, DISTRIBUTION, ETC. (IMPRINT)
Place of publication THRISSUR
Name of publisher H&C
Year of publication 2009
300 ## - PHYSICAL DESCRIPTION
Number of Pages 48
650 ## - SUBJECT ADDED ENTRY--TOPICAL TERM
Topical Term ENGLISH SHORT STORY
Geographic subdivision KERALA
942 ## - ADDED ENTRY ELEMENTS (KOHA)
Koha item type Books
Holdings
Withdrawn status Lost status Collection code Home library Current library Shelving location Date acquired Source of acquisition Cost, normal purchase price Full call number Accession Number Koha item type
    Fiction Main Library Main Library SHELF 3- E- ENGLISH CHILDRENS LITERATURE &MYTHOLOGY 21/04/2015 PURCHASE 20.00 823 RAD/S 09245 Books
    Fiction Main Library Main Library SHELF 3- J- ENGLISH CHILDRENS LITERATURE &MYTHOLOGY 07/05/2011 PURCHASE 10.00 823 RAD/S 05845 Books
    Fiction Main Library Main Library SHELF 3- J- ENGLISH CHILDRENS LITERATURE &MYTHOLOGY 10/05/2010 PURCHASE   823 RAD/S 03194 Books
    Fiction Main Library Main Library SHELF 3- I- ENGLISH CHILDRENS LITERATURE &MYTHOLOGY 10/05/2010 PURCHASE 10.00 823 RAD/S 3194 Books
    Fiction Main Library Main Library SHELF 3- I- ENGLISH CHILDRENS LITERATURE &MYTHOLOGY 07/05/2011 PURCHASE 10.00 823 RAD/S 05844 Books
    Fiction Main Library Main Library SHELF 3- I- ENGLISH CHILDRENS LITERATURE &MYTHOLOGY 07/05/2011 PURCHASE 10.00 823 RAD/S 07203 Books
    Fiction Main Library Main Library SHELF 3- J- ENGLISH CHILDRENS LITERATURE &MYTHOLOGY 09/03/2012 PURCHASE 10.00 823 RAD/S 06358 Books